000 00813nam a2200217 i 4500
001 141482
003 ES-MaACL
005 20250809063521.0
007 t|
008 070924s1961 sp ||||1| spa d
100 1 _aVoillaume, René,
_d1905-2003
_9115676
245 1 0 _aEn el corazón de las masas /
_cRené Voillaume ; prólogo a la primera edición española por Manuel Larrain Errazuriz ; nueva traducción corregida y aumentada por Enrique Fernández Sanz Méndez.
250 _a3ª ed. española.
260 _aMadrid :
_bStudium,
_c[1961]
300 _a444 p. ;
_c22 cm.
610 2 4 _aHermanitos de Jesús.
_9165897
700 1 _aLarrain Errazuriz, Manuel.
_970297
700 1 _aFernández Sanz-Méndez, Enrique.
_950083
852 _aES-MaACL
_jC-20694
_bR.49209
999 _c141482
_d141482